Kader FC Schalke 04 - Statistiken

Allgemein
  • Dieses Quiz wurde 1.069 mal gespielt
    729 seit der letzten Aktualisierung
  • Das Durchschnittsergebnis liegt bei 20 aus 33
Antwortstatistiken
Nummer Spieler % Korrekt
1 Ralf Fährmann
97%
9 Simon Terodde
92%
11 Marius Bülter
85%
10 Rodrigo Zalazar
81%
41 Henning Matriciani
80%
2 Thomas Ouwejan
78%
Thomas Reis
75%
6 Tom Krauß
74%
25 Moritz Jenz
73%
35 Marcin Kaminski
72%
4 Maya Yoshida
71%
13 Alexander Schwolow
70%
27 Cédric Brunner
69%
34 Michael Langer
69%
24 Dominick Drexler
67%
19 Kenan Karaman
67%
30 Axel Král
66%
8 Danny Latza
66%
40 Sebastian Polter
65%
23 Mehmet Aydin
55%
5 Sepp van den Berg
52%
20 Tim Skarke
52%
26 Michael Frey
51%
3 Leo Greiml
49%
29 Tobias Mohr
48%
33 Éder Balanta
43%
28 Justin Heekeren
43%
38 Soichiro Kozuki
43%
18 Jere Uronen
41%
22 Ibrahima Cissé
37%
21 Niklas Tauer
32%
15 Timothée Kolodziejczak
27%
-- Nassim Boujellab
16%
Keine übereinstimmenden Quizze gefunden
Verteilung der Resultate
Anzahl Personen mit jedem Resultat
Perzentil nach korrekt beantworteten Fragen
Ihre Resultats-Entwicklung
Sie haben dieses Quiz seit der letzten Aktualisierung nicht gespielt